Normal view
MARC view
- Souza, Shirley
Entry Nombre Personal
001 - NUMERO DE CONTROL
- campo de control: 32399
003 - IDENTIFICADOR DE NUMERO DE CONTROL
- campo de control: UPN
005 - FECHA Y HORA DE LA ÜLTIMA TRANSACCIÓN
- campo de control: 20210219194432.0
008 - DATOS DE LONGITUD FIJA
- campo de control de longitud fija: nabaccnnaabn|||||||||| b |nc|||||d
035 ## - NUMERO DE CONTROL
- Número de control: UPN11000004506
040 ## - FUENTE DE CATALOGACIÓN
- Lenguaje de catalogación: SPA
- Agencia de transcripción: UPN
053 #4 - NÚMERO DE CLASIFICACIÓN LC
- Número de clasificación elemento-número único o número inicial de tramo: PQ7889.2 S6.8
100 1# - ENCABEZAMIENTO - NOMBRE PERSONAL
- Nombre personal: Souza, Shirley
670 ## - FUENTE EN LA QUE SE LOCALIZARON DATOS
- Cita de la fuente: T
- Uniform Resource Identifier: http://www.fcede.es/site/es/autores/autor_detalle.aspx?idAutor=2347
680 ## - NOTA PUBLICA DE ACCESO PÚBLICO
- Frase explicativa de la referencia: Escritora brasileña
902 ## - CATALOGADOR
- Catalogador: CAA(140812
